Die Katze auf dem heissen Blechdach ; Die tatowierte Rose : zwei Theaterstucke /

Saved in:
Bibliografiske detaljer
Hovedforfatter: Williams, Tennessee (Author)
Format: Bog
Sprog:tysk
Udgivet: Frankfurt am Main : Fischer Bucherei, 1956
Serier:Fischer Bücherei ; 110
Tags: Tilføj Tag
Ingen Tags, Vær først til at tagge denne postø!

MARC

LEADER 00000nam a22000007i 4500
001 IT\ICCU\URB\0271771
003 ItRI
005 20260115232352.0
008 020326s1956 gw |||||| ||||| |||||c
040 |b ita  |c importazione bologna sebina 
041 7 |a ger  |2 ISO-639-2 
100 1 |a Williams, Tennessee  |0 IT\ICCU\CFIV\088291  |4 aut 
245 1 4 |a Die Katze auf dem heissen Blechdach ; Die tatowierte Rose :  |b zwei Theaterstucke /  |c Tennessee Williams. 
260 |a Frankfurt am Main :  |b Fischer Bucherei,  |c 1956 
300 |a 196 p. ;  |c 18 cm. 
790 1 |a Williams, Thomas Lanier  |3 IT\ICCU\CFIV\088292  |z Williams, Tennessee 
830 0 |a Fischer Bücherei ;  |v 110  |0 IT\ICCU\PUV\0517438 
942 |2 ddc  |c BK  |n 0 
952 |0 0  |1 0  |4 0  |6 DOC_812_540000000000000_WIL  |7 0  |9 24943  |a BO  |b BO  |d 2026-01-15  |i 1831  |l 0  |o DOC 812.54 WIL  |p BO1831  |r 2026-01-15 23:23:52  |w 2026-01-15  |x [Sebina 5] [1 v.]  |y BK  |z 1 v. 
999 |c 21191  |d 21191